| 000 | 00965cam a22003253a 4500 | ||
|---|---|---|---|
| 001 | 5970 | ||
| 003 | PGUSA | ||
| 005 | 20140828083126.0 | ||
| 008 | 040601s2004||||xxu|||||s|||||000 1 eng d | ||
| 040 |
_aPGUSA _beng |
||
| 042 | _adc | ||
| 050 | 4 | _aPS | |
| 100 | 1 |
_aRice, Alice Caldwell Hegan, _d1870-1942 |
|
| 245 | 1 | 0 |
_aLovey Mary _h[electronic resource] / _cAlice Caldwell Hegan Rice |
| 260 |
_bProject Gutenberg, _c2004 |
||
| 506 | _aPublic domain in the USA. | ||
| 516 | _aElectronic text | ||
| 653 | _aPoverty -- Fiction | ||
| 653 | _aGirls -- Conduct of life -- Fiction | ||
| 653 | _aRunaway children -- Fiction | ||
| 653 | _aMothers and sons -- Fiction | ||
| 653 | _aFriendship -- Fiction | ||
| 653 | _aYouth and death -- Fiction | ||
| 653 | _aOrphanages -- Fiction | ||
| 653 | _aOrphans -- Fiction | ||
| 653 | _aKindness -- Fiction | ||
| 830 | 0 |
_aProject Gutenberg _v5970 |
|
| 856 | 4 | 0 | _uhttp://www.gutenberg.org/ebooks/5970 |
| 942 | _cEB | ||
| 999 |
_c235298 _d235298 |
||